00730nam a2200193Ia 4500001000700000003000500007008004100012010001100053040000900064100003200073245019100105260004100296300001000337502007600347650003100423650002200454650002400476700003600500Z_2149CHAP220113s1995 xx 000 0 und d a163574 cCHAP aGarcía García, Aníbal aAnálisis bromatológico y digestibilidad in situ en forrajes cultivados y nativos de agostadero del sur de Sinaloa /cpor Aníbal García García y Eduardo Raúl García Rivera aChapingo, Méx. :bEl autor,c1995 a64 h. aTesis (Ing. Agr. Esp. en Zootecnia) -- UACH. Departamento de Zootecnia 7aForrajesxDigestibilidad2 aForrajesxSinaloa aNutrición animal  aGarcía Rivera, Eduardo Raúl